Top 100 Club Classement UEFA Septembre 2024 (coefficient) - Statistiques

Statistiques générales
  • Ce quiz a été pris 307 fois
  • Le résultat moyen est 49 sur 100
Statistiques - réponses
Classement Pays % Correct
1 Angleterre Manchester City
99%
2 Espagne Real Madrid
99%
3 Allemagne Bayern Munich
98%
6 France Paris
98%
4 Angleterre Liverpool
97%
22 Italie AC Milan
96%
10 Italie Inter Milan
96%
23 Italie Juventus
95%
18 Espagne FC Barcelone
93%
17 Espagne Atletico Madrid
92%
8 Allemagne Borussia Dortmund
92%
5 Italie AS Roma
90%
9 Angleterre Chelsea
89%
14 Angleterre Manchester United
89%
15 Portugal Benfica
87%
12 Portugal Porto
87%
33 France Marseille
84%
19 Angleterre Arsenal
83%
52 Espagne Betis Seville
82%
24 Espagne FC Seville
82%
71 France Lyon
80%
21 Italie Naples
80%
81 Angleterre Aston Villa
78%
26 Pays-Bas Ajax Amsterdam
74%
37 France Lille
74%
32 Pays-Bas PSV
74%
45 Angleterre Tottenham
74%
13 Allemagne Leipzig
72%
11 Allemagne Leverkusen
70%
65 France Monaco
67%
28 Ecosse Rangers
67%
20 Italie Atalanta
66%
31 Italie Lazio
65%
70 Ecosse Celtic
64%
7 Espagne Villarreal
63%
16 Angleterre West Ham
63%
25 Belgique Club Bruges
62%
27 Pays-Bas Feyenoord
62%
29 Espagne Real Sociedad
62%
42 France Rennes
58%
63 Turquie Galatasaray
57%
38 Croatie Dinamo Zagreb
56%
36 Italie Fiorentina
56%
43 Portugal Braga
55%
73 Ukraine Dynamo Kiev
54%
34 République Tchèque Slavia Prague
54%
72 République Tchèque Sparta Prague
53%
92 Belgique Anderlecht
52%
84 France Nice
52%
47 Turquie Fenerbahce
49%
94 Espagne Bilbao
48%
30 Allemagne Francfort
48%
41 Autriche Salzbourg
48%
46 Danemark Copenhague
44%
56 Suisse Young Boys
44%
83 Angleterre Newcastle
43%
51 Israël Maccabi Tel Aviv
42%
53 Suisse FC Bâle
41%
100 Allemagne Stuttgart
38%
68 Angleterre Leicester
35%
79 Israël Maccabi Haifa
35%
67 Allemagne Union Berlin
35%
50 Serbie Etoile Rouge Belgrade
32%
39 Pays-Bas AZ Alkmaar
30%
69 Serbie Partizan Belgrade
29%
60 Belgique Union Saint-Gilloise
29%
97 Autriche Rapid Vienne
27%
82 Angleterre Brighton
26%
90 Italie Bologne
25%
91 Allemagne Borussia Monchengladbach
25%
89 Pologne Legia Varsovie
25%
59 Slovaquie Slovan Bratislava
25%
49 Grèce PAOK
24%
54 Azerbadjan Qarabag
24%
93 Espagne Girona
22%
55 Hongrie Ferencvaros
21%
57 Norvège Bodo Glimt
19%
98 Allemagne Hoffenheim
19%
74 Belgique Antwerp
18%
58 Allemagne Fribourg
18%
44 Grèce Olympiacos
18%
75 Moldavie Sheriff Tiraspol
16%
35 Portugal Sporting CP
16%
61 République Tchèque Victoria Plzen
16%
77 Roumanie CFR Cluj
15%
62 Norvège Molde
15%
48 Belgique Gent
13%
76 Bulgarie Ludogorets
13%
78 Pologne Lech Poznan
11%
80 Turquie Basaksehir
10%
64 Autriche LASK
8%
40 Ukraine Shakhtar Donestk
8%
66 Danemark Midtjylland
5%
95 Espagne Osasuna
5%
96 Espagne Grenade
4%
85 Israël Hapoël Beer-Sheva
3%
99 Allemagne Heidenheim
2%
86 Suède Djurgarden
1%
87 Turquie Sivasspor
1%
88 Ukraine Zorya Louhansk
0%
Aucun quiz correspondant
Distribution des résultats
% des personnes avec chaque résultat
Percentile par nombre de réponses
Votre historique - résultats
Vous n’avez pas pris ce quiz